| 000 | 00809nam a22002177a 4500 | ||
|---|---|---|---|
| 999 |
_c16084 _d16084 |
||
| 003 | AR-CdUCM | ||
| 008 | 190502b ||||| |||| 00| 0 spa d | ||
| 040 |
_aMUNICIPALIDAD PROVINCIAL DEL CUSCO _cBIBLIOTECA MUNICIPAL DEL CUSCO |
||
| 082 |
_a804.08 / _bU53 |
||
| 100 |
_a Unamuno, Miguel de _9458 |
||
| 245 | _aLa agonía del cristianismo / | ||
| 260 |
_aSantiago de Chile : _bNueva Época, _c1933. |
||
| 300 |
_a99 paginas ; _c19 cm. |
||
| 505 | _aContenido: La agonía -- Verbo y letra -- Abisag la sunamita -- La virilidad de la fe -- l supuesto cristianismo social -- El individualismo absoluto / | ||
| 650 |
_aCristianismo _92910 |
||
| 650 |
_aFilosofía _9395 |
||
| 650 |
_aEnsayos filosóficos _96877 |
||
| 650 |
_aObras de controversia _923014 |
||
| 942 |
_2ddc _cLIBROS |
||
| 945 |
_arjall _d2019-05-02 |
||